000 01060nam a2200265Ia 4500
005 20260120081125.0
008 130821s2011 xxuab gr eng
020 _a1439080658
020 _a9781439080658
040 _aCo-BoUCM
_bspa
_cDavid Moreno (modificó)
_dDavid Moreno (modificó)
041 0 0 _aeng
100 1 _aCullen, John B.
_d1948-
_9187674
245 1 0 _aMultinational management a strategic approach
_cJohn B. Cullen, K. Praveen Parboteeah
250 _a5th ed.
260 _aMason (Ohio, Estados Unidos)
_bCL-South-western
_c2011
300 _axxviii, 702 páginas
_bilustraciones, mapas
650 0 4 _aAdministración de empresas
_9435
650 0 4 _aCompañías extranjeras
_911241
650 0 4 _aEmpresas internacionales
_97560
650 0 4 _aInversiones extranjeras
_917957
700 1 _aParboteeah, Praveen
_9142550
856 4 1 _zConsulte la tabla de contenido haciendo clic aquí
_uhttp://www.loc.gov/catdir/enhancements/fy1105/2009941169-t.html
942 _cLIBRO
_a16
_e5
_mC967m
_2DEWEY
_h382
_n0
999 _c72500
_d72500